• 首页
  • 本馆介绍
  • 公告通知
  • 最新文献
  • 馆藏检索
  • 电子资源
  • 读者导购
  • 参考咨询
  • 我的图书馆
  • 登录
  • 详细信息显示
  • 放入我的书架
  • 预约/预借图书
  • 作者相关作品
  • 分类相关作品
  • 丛书相关作品
  • 出版社相关作品

书目信息

  • 表格格式
  • 工作单格式
  • 卡片格式
题名:
交互设计
    
 
作者: 宫晓东 , 边鹏 , 魏文静 编著
分册:  
出版信息: 合肥   合肥工业大学出版社  2016.5
页数: 219页
开本: 29cm
丛书名:
单 册:
中图分类: TP11
科图分类:
主题词: 人-机系统--系统设计--高等学校--教材
电子资源:
ISBN: 978-7-5650-2763-5
000 01272nam0 2200289 450
001 0400002552
005 20171021110836.0
010    @a978-7-5650-2763-5@dCNY58.00
100    @a20171021e2016 em y0chiy ea
101 0  @achi
102    @aCN@b340000
105    @aa z 000yy
106    @ar
200 1  @a交互设计@9jiao hu she ji@f宫晓东,边鹏,魏文静编著
210    @a合肥@c合肥工业大学出版社@d2016.5@h2016.10
215    @a219页@c图@d29cm
300    @a高等院校“十三五”应用型艺术设计教育系列规划教材 其他类
312    @a封面英文题名:Interaction design
330    @a本书介绍了交互设计的基本理论、基本方法等知识。全书共分十一章,其中前三章侧重交互设计基础,主要介绍了交互设计基本概念,交互设计的技术、平台及相关产品,对技术与设计的相互影响进行了阐述;第四章介绍了交互设计方法及流程;第五章介绍了用户研究及模型建构;第六至十章则主要从交互设计的几个关键:信息架构设计、交互行为设计及界面进行阐述;第十一章主要从可用性测试角度介绍了相关测试方法、技术和流程。
510 1  @aInteraction design@zeng
606 0  @a人-机系统@x系统设计@x高等学校@j教材
690    @aTP11@v5
701  0 @a宫晓东@9gong xiao dong@4编著
701  0 @a边鹏@9bian peng@4编著
701  0 @a魏文静@9wei wen jing@4编著
801  0 @aCN@b91MARC@c20171021
905    @b1032370-4@dTP11@f5@e128
    
    交互设计/宫晓东,边鹏,魏文静编著.-合肥:合肥工业大学出版社,2016.5(2016.10)
    219页:图;29cm
    高等院校“十三五”应用型艺术设计教育系列规划教材 其他类
    
    ISBN 978-7-5650-2763-5:CNY58.00
    本书介绍了交互设计的基本理论、基本方法等知识。全书共分十一章,其中前三章侧重交互设计基础,主要介绍了交互设计基本概念,交互设计的技术、平台及相关产品,对技术与设计的相互影响进行了阐述;第四章介绍了交互设计方法及流程;第五章介绍了用户研究及模型建构;第六至十章则主要从交互设计的几个关键:信息架构设计、交互行为设计及界面进行阐述;第十一章主要从可用性测试角度介绍了相关测试方法、技术和流程。
●
相关链接 在E读中查询图书 在五车中查询图书 在当当中查询图书 在豆瓣中查询图书


正题名:交互设计     索取号:TP11/128         预约/预借

序号 登录号 条形码 馆藏地/架位号 状态 备注
1 1032370   210323700   第二样本阅览室/ [索取号:TP11/128] 在馆    
2 1032371   210323719   密集书库—计算机科学学院/ [索取号:TP11/128] 在馆    
3 1032372   210323728   第三借阅区/ [索取号:TP11/128] 在馆    
4 1032373   210323737   第三借阅区/ [索取号:TP11/128] 在馆    
5 1032374   210323746   第三借阅区/ [索取号:TP11/128] 在馆    
唐山师范学院图书馆 欢迎您!
大连网信软件有限公司© 版权所有